00309nam a2200121Ia 4500008004100000020002200041041000800063082002200071100001900093245003000112260003600142300000900178230314s9999 xx 000 0 und d a978-81-909385-2-5 aeng aPY/150/KAU/B06186 aKaur Amanpreet aPV Textbook of Psychology bS Vikas and CoaJalandharc2011 a298p